Central Library OPAC University of Rajshahi

Organizational behavior and administration : (Record no. 15486)

MARC details
000 -LEADER
fixed length control field 00975nam a22002771 4500
001 - CONTROL NUMBER
control field 15486
003 - CONTROL NUMBER IDENTIFIER
rucl marc code BD-RjUL
005 - DATE AND TIME OF LATEST TRANSACTION
control field 20211208235827.0
008 - FIXED-LENGTH DATA ELEMENTS--GENERAL INFORMATION
fixed length control field 140210r19641961ilua 001 0 eng
035 ## - SYSTEM CONTROL NUMBER
System control number (BD-RjUL)15570
040 ## - CATALOGING SOURCE
Original cataloging agency DLC
Transcribing agency DLC
Modifying agency DLC
-- BD-RjUL
Language of cataloging eng
041 ## - LANGUAGE CODE
Language code of text/sound track or separate title eng
082 04 - DEWEY DECIMAL CLASSIFICATION NUMBER
Edition number 19
Classification number 658.3
Author mark and year ORG 1964
245 10 - TITLE STATEMENT
Title Organizational behavior and administration :
Remainder of title Cases, concepts, and research findings /
Statement of responsibility, etc. by Paul R. Lawrence ...[et al].
260 ## - PUBLICATION, DISTRIBUTION, ETC. (IMPRINT)
Place of publication, distribution, etc. Homewood, Ill. :
Name of publisher, distributor, etc. Dorsey Press,
Date of publication, distribution, etc. c1961 [ Reprinted 1964].
300 ## - PHYSICAL DESCRIPTION
Pagination xxv, 910 p. :
Illustrations illus. ;
Size 24 cm.
490 0# - SERIES STATEMENT
Series statement The Irwin-Dorsey series in behavioral science in business
504 ## - BIBLIOGRAPHY, ETC. NOTE
Bibliography, etc Includes index.
650 #0 - SUBJECT ADDED ENTRY--TOPICAL TERM
Topical term or geographic name as entry element Industrial sociology
General subdivision Case studies.
9 (RLIN) 48098
Topical term or geographic name as entry element Supervision of employees
General subdivision Case studies.
9 (RLIN) 48099
Topical term or geographic name as entry element Industrial organization
General subdivision Case studies.
9 (RLIN) 48100
700 1# - ADDED ENTRY--PERSONAL NAME
Personal name Lawrence, Paul R.
942 ## - ADDED ENTRY ELEMENTS (KOHA)
Source of classification or shelving scheme Dewey Decimal Classification
Koha item type Books
Holdings
Lost status Source of classification or shelving scheme Damaged status Not for loan Collection code Permanent Location Current Location Shelving location Date acquired Source of acquisition Cost, normal purchase price Total Checkouts Full call number Date last seen Copy number Koha item type
  Dewey Decimal Classification   Not For Loan Fiction Central Library, University of Rajshahi Central Library, University of Rajshahi   02/11/1965 Zeitlinger 70.00   658.3 ORG 1964 10/02/2014 C-2 Books
  Dewey Decimal Classification   Not For Loan Non-fiction Central Library, University of Rajshahi Central Library, University of Rajshahi Reading Room 02/11/1965 Zeitlinger 70.00   658.3 ORG 1964 31/12/2016 C-1 Books